| 000 | 00807nam a2200229 a 4500 | ||
|---|---|---|---|
| 005 | 20240910064058.0 | ||
| 008 | 030430s1998 mx r 000 0 spa d | ||
| 020 | _a8436811607 | ||
| 035 | _aUPN01000123856 | ||
| 049 | _aCG | ||
| 050 | 4 |
_aRC565 _bM3.6 |
|
| 100 | 1 | _aMcCrady, Barbara | |
| 245 | 1 | 4 |
_aLos problemas de la bebida : _bun sistema de tratamiento paso a paso, manual del terapeuta, manual de autoayuda / _cBarbara McCrady, Rafael Rodríguez Villarino, José Manuel Otero-López. |
| 260 |
_aMadrid : _bPirámide, _cc1998. |
||
| 300 | _a367 p. | ||
| 440 | 0 | _aPsicología | |
| 650 | 4 |
_aAlcoholismo _92121 |
|
| 650 | 7 |
_aAlcoholismo _xTratamiento _2 _92126 |
|
| 700 | 1 |
_aRodríguez Villarino, Rafael, _d1965- _ecoaut. _936974 |
|
| 700 | 1 |
_aOtero-López, José Manuel, _ecoaut. _939951 |
|
| 905 | _aLibro | ||
| 999 |
_c96035 _d96035 |
||